Missing Word: David Bowie (A-Z) Quiz Stats

 Plays Quiz Updated Jun 6, 2013

Support Sporcle.
Go Orange.
Score 0/25 Timer 04:00
0 Plays Today
Song Word % Correct
_____ PressureUnder
90.7%
_____ on Mars?Life
89%
Drive-____ SaturdayIn
88.1%
_____ StardustZiggy
88%
_____ AmericansYoung
87.3%
What in the ____World
85.8%
This Is _____ AmericaNot
81.5%
Rebel _____Rebel
79.2%
Space _____Oddity
77.8%
_____ BitchQueen
73.3%
Boys _____ SwingingKeep
67.8%
_____ GirlChina
66.8%
The Jean _____Genie
66.4%
Song Word % Correct
_____ DogsDiamond
63.2%
Scary _____ (and Super Creeps)Monsters
61.5%
Oh! You Pretty _____Things
59.3%
_____ Line PoemEight
58.9%
____ YearsFive
57.6%
____ Sane (1913-1938-197?)Aladdin
57.4%
Sound and _____Vision
56.7%
_____, I'm Only DancingJohn
56%
_____ CitySuffragette
55.8%
Up the ____ BackwardsHill
53.5%
Absolute _____Beginners
49.9%
_____ in DetroitPanic
42.2%

Today's Daily Dose

Missing Word
Inventors

Word Ladder
Feud Chain

Get the Picture
Domestic Movie Titles

From the Vault

Avengers Actors Venn Diagram

by chaosBEE

Movies 3m
This gives us an idea for a new Avengers member called 'The Diagrammer'.
Remove Ads.
Support Sporcle.
Get the best of Sporcle when you Go Orange. This ad-free experience offers more features, more stats, and more fun while also helping to support Sporcle. Thank you for becoming a member.

Show Comments

Extras

Top Quizzes Today


Score Distribution

Your Account Isn't Verified!

In order to create a playlist on Sporcle, you need to verify the email address you used during registration. Go to your Sporcle Settings to finish the process.

Report this User

Report this user for behavior that violates our Community Guidelines.

Details: